000 00728nam a2200217 a 4500
001 000016651
003 DO-SdBNP
005 20240605140414.0
008 100308s1947 dr r 000 0 spa d
040 _aDO-SdBNP
_bspa
_cBNPHU
082 4 _aR 467.97293
_bP298d, 1947
_222
100 1 _aPatín Maceo, Manuel A.,
_q (Manuel Antonio)
_d1892-1968
_936996
245 1 0 _aDominicanismos /
_cManuel P. Patín Maceo.
250 _a2a. ed., aum. y corrg.
260 _aCiudad Trujillo, :
_bLibrería Dominicana,
_c1947.
300 _a206 p. ;
_c23 cm.
590 _aInventariado, 2018/VM
650 4 _aDominicanismos
_vDiccionarios
_99496
_xEspañol
650 4 _aEspañol
_xPalabras y frases
_vDiccionarios
_919009
942 _2ddc
_cLBS1
999 _c16184
_d16184